| 000 | 00466nam a2200181Ia 4500 | ||
|---|---|---|---|
| 001 | 18010 | ||
| 005 | 20260306171559.0 | ||
| 008 | 260306s9999||||xx |||||||||||||| ||und|| | ||
| 041 | _aESP | ||
| 082 |
_a658.3124 _bB24 |
||
| 100 |
_aBarbosa Cano, Erasmo _eAUT |
||
| 245 | 0 |
_aManual de capacitación: _bun engrane vital para la competitividad |
|
| 260 | _c2014 | ||
| 300 |
_a395 pƔginas : _c24 cm. |
||
| 650 | _aGEN | ||
| 654 | _aCAN | ||
| 942 |
_cLIB _dJUS _fJUS _2ddc _n |
||
| 999 |
_c18010 _d18010 |
||